000 00942mam a2200277 4500
001 25642
003 BD-RjUL
005 20211209050915.0
008 140318r19521950mdu 001 0 eng
035 _a(OCoLC)ocm02744972
035 _a(BD-RjUL)25712
035 _a(NNC)1563502
040 _aDLC
_cCBY
_dUKM
_dBD-RjUL
_beng
041 _aeng
082 _a951.025
_bMAR 1966
100 1 _aMartin, H. Desmond
_q(Henry Desmond),
_d1908-
_978787
245 1 4 _aThe rise of Chingis Khan and his conquest of North China /
_cintrod. by Owen Lattimore. Edited by Eleanor Lattimore.
260 _aBaltimore :
_bJohns Hopkins Press,
_c1950 [printing 1952]
300 _axvii, 360 p. :
_bport., maps (3 fold. in pocket) ;
_c24 cm.
504 _aIncludes Bibliography: p. 339-344 and index.
600 0 0 _aGenghis Khan,
_d1162-1227.
_978886
651 0 _aChina
_xHistory.
_978789
942 _2ddc
_cBK
_02
999 _c25642
_d25642